000
00401nam a22001697a 4500
003
MPLRDC
005
20220104145633.0
008
210129b ||||| |||| 00| 0 eng d
082
_a
802.6 ZDS
100
_a
祝笛生编
245
_a
词类使用法
_c
250
_a
初版
260
_a
_b
上海书局
_c
1958
300
_b
平
650
_a
华文文法、汉语文法
942
_c
BK
_o
802.6 ZDS
999
_c
51428
_d
51418